[Event "36th Zalakaros Festival 2017"]
[Site "Zalakaros"]
[Date "2017.05.24"]
[Round "7"]
[White "Gazik, Igor"]
[Black "Frolov, Artur"]
[Result "1/2-1/2"]
[WhiteElo "2292"]
[BlackElo "2410"]
[Annotator "TA"]
[PlyCount "175"]
[EventDate "2017.??.??"]
[EventType "swiss"]
[EventCountry "HUN"]
[SourceTitle "playchess.com"]
[Source "ChessBase"]
[SourceQuality "1"]

{[%evp 25,175,-24,-12,-18,-21,-16,-24,-47,-46,-51,-47,-71,-71,-71,-69,-77,-64,-75,-73,-76,-72,-73,-65,-76,-73,-73,-74,-63,-43,-40,-19,-19,-27,-39,-27,-27,-27,-27,-27,-24,-26,-26,-26,-26,-27,-27,-27,-27,-21,-27,-29,-32,-31,-38,-29,-35,-24,-25,-29,-32,-20,-104,-12,-13,-14,-13,-14,-43,-8,-26,-8,-18,0,0,0,0,0,0,0,0,0,0,0,0,0,0,0,0,0,0,0,0,0,0,0,0,0,0,0,0,0,0,0,0,0,0,0,0,0,0,0,0,0,0,0,0,0,0,0,0,0,0,0,0,0,0,0,0,0,0,0,0,0,0,0,0,0,0,0,0,0,0,0,0,0,0,0,0,0,0,0,0]} 1. e4 e5 2. Nf3 Nc6 3. Bb5 a6 4. Ba4 Nf6 {[%cal Bg8f6,Bf6d7,Bd7c5][%mdl 32]} 5. O-O Be7 6. Bxc6 dxc6 7. d3 Nd7 8. Nbd2 O-O 9. Nc4 f6 10. b3 Nc5 11. Bb2 Ne6 12. d4 exd4 13. Nxd4 Nxd4 {LiveBook: 3 Games. C85: Closed Ruy Lopez: Deferred Exchange Variation} 14. Qxd4 Qxd4 15. Bxd4 a5 $146 {[%cal Ba6a5,Ba5a4][%mdl 32]} 16. e5 f5 17. f4 a4 18. Nd2 Rd8 19. Nf3 Be6 20. Rfd1 h6 21. Be3 c5 22. Rxd8+ Rxd8 23. Kf2 Kf7 24. Ke2 Ra8 {Threatens to win with ...axb3.} 25. Rd1 b5 26. g3 c6 27. Nd2 axb3 28. axb3 Ra2 29. Kd3 {[#]} c4+ $1 {[%mdl 512]} 30. bxc4 bxc4+ 31. Nxc4 Bxc4+ 32. Kxc4 Rxc2+ $11 {[%mdl 4096] Endgame KRB-KRB} 33. Kd3 Rxh2 34. Rc1 Rg2 35. Rxc6 Rxg3 36. Ke2 Rg2+ 37. Kf3 Ra2 38. e6+ $1 Kg6 39. Bd4 $1 Ra3+ 40. Ke2 Ra8 {next ...Bf6 is good for Black.} 41. Rc1 Kh7 {Strongly threatening ...Ra6.} 42. Rc7 Re8 43. Kd3 (43. Kf3 $1 $11) 43... Bf8 (43... h5 $17 {With the idea ...h4.} 44. Rc6 g5 45. fxg5 Kg6) 44. Rf7 Kg8 45. Rxf5 Rxe6 46. Re5 Rg6 47. f5 Rg4 (47... Rc6 {seems wilder.} 48. Ra5 Rc7 49. Ra1 Rb7 50. Rg1 Kf7) 48. Ra5 {The position is equal.} Be7 49. Ra7 Bf6 50. Bxf6 gxf6 {KR-KR} 51. Ra6 Kf7 52. Ra7+ Ke8 53. Rh7 Rh4 (53... h5 $5) 54. Ke3 Kf8 55. Kf3 Kg8 56. Ra7 h5 57. Rb7 Rg4 58. Ra7 Rg5 59. Kf4 Rg7 60. Ra6 Rg4+ 61. Kf3 Kg7 62. Rb6 Rg1 63. Rb7+ Kf8 64. Rh7 Rg5 (64... h4 $5) 65. Kf4 Kg8 (65... h4 $5) 66. Ra7 Rg7 67. Ra6 Rg4+ 68. Kf3 Kg7 69. Rb6 Rg5 70. Kf4 Rg4+ 71. Kf3 Ra4 72. Kg3 Ra5 73. Kf4 Ra3 74. Rc6 Ra4+ 75. Kg3 h4+ 76. Kh3 Rf4 77. Ra6 Rxf5 78. Kxh4 Rg5 79. Ra4 Kg6 80. Rg4 Kf5 81. Rxg5+ fxg5+ {KP-K} 82. Kg3 {[%cal Bh4g3,Bg3g2,Bg2f2][%mdl 32]} g4 {[%cal Bg5g4,Bg4g3][%mdl 32]} 83. Kg2 Kf4 (83... g3 $5) 84. Kf2 g3+ 85. Kg2 Kg4 86. Kg1 Kf4 (86... Kf3 $5 {[%cal Rg3g2]} 87. Kh1 Kg4 $11) 87. Kg2 Ke5 88. Kxg3 {Precision: White = 71%, Black = 61%.} 1/2-1/2

[Event "36th Zalakaros Festival 2017"]
[Site "Zalakaros"]
[Date "2017.05.24"]
[Round "7"]
[White "Marosi, Levente"]
[Black "Secheres, Adrian-Simion"]
[Result "1-0"]
[WhiteElo "2286"]
[BlackElo "2309"]
[Annotator "NA"]
[PlyCount "75"]
[EventDate "2017.??.??"]
[EventType "swiss"]
[EventCountry "HUN"]
[SourceTitle "playchess.com"]
[Source "ChessBase"]
[SourceQuality "1"]
[TimeControl "40/5400+30:1800+30"]

1. e4 {[%emt 0:02:58]} e6 {[%emt 0:00:48]} 2. d4 {[%emt 0:00:12]} d5 {[%emt 0:00:10]} 3. Nc3 {[%emt 0:00:07]} Nf6 {[%emt 0:00:18]} 4. e5 {[%emt 0:00:16]} Nfd7 {[%emt 0:00:12]} 5. f4 {[%emt 0:00:11]} c5 {[%emt 0:00:16]} 6. Nf3 {[%emt 0:00:10]} Nc6 {[%emt 0:00:14]} 7. Be3 {[%emt 0:00:08]} Be7 {[%emt 0:00:24]} 8. Qd2 {[%emt 0:00:22]} O-O {[%emt 0:00:16]} 9. dxc5 {[%emt 0:00:09]} Bxc5 {[%emt 0:00:25]} 10. O-O-O {[%emt 0:00:21]} Qa5 {[%emt 0:00:16]} 11. a3 {[%emt 0:00:31]} Rd8 {[%emt 0:00:39]} 12. Kb1 {[%emt 0:00:44]} Rb8 {[%emt 0:04:58]} 13. Bxc5 {[%emt 0:20:19]} Nxc5 {[%emt 0:01:50]} 14. Qe3 {[%emt 0:01:46]} a6 {[%emt 0:10:39]} 15. h4 {[%emt 0:09:59]} Na4 $2 {[%emt 0:06:12]} (15... Nd7 $14) 16. Nxa4 $18 {[%emt 0:02:33]} Qxa4 {[%emt 0:00:02]} 17. Bd3 {[%emt 0:05:35]} b5 {[%emt 0:05:52]} 18. c3 {[%emt 0:12:13]} b4 {[%emt 0:08:34]} 19. cxb4 {[%emt 0:04:45]} Bd7 {[%emt 0:03:07]} 20. Rc1 {[%emt 0:07:06]} Rb7 {[%emt 0:21:45]} 21. Rc5 {[%emt 0:03:55]} Nxb4 {[%emt 0:10:20]} 22. axb4 {[%emt 0:01:04]} Qxb4 {[%emt 0:00:06]} 23. Rc2 {[%emt 0:08:22]} Ba4 {[%emt 0:00:36]} 24. Re2 {[%emt 0:03:24]} Rdb8 {[%emt 0:02:02]} 25. Rc1 {[%emt 0:01:40]} Bb3 {[%emt 0:02:12]} 26. Qc5 {[%emt 0:00:47]} Bc4 {[%emt 0:02:27]} 27. Rxc4 {[%emt 0:03:10]} dxc4 {[%emt 0:00:16]} 28. Qxc4 {[%emt 0:02:18]} Qa3 {[%emt 0:00:55]} 29. Qd4 {[%emt 0:00:16]} Rb4 {[%emt 0:01:45]} 30. Bc4 {[%emt 0:00:20]} Ra4 {[%emt 0:03:23]} 31. Rd2 {[%emt 0:00:51]} Qa1+ {[%emt 0:03:32]} 32. Kc2 {[%emt 0:00:01]} h6 {[%emt 0:00:11]} 33. b3 {[%emt 0:03:18]} Ra2+ {[%emt 0:05:03]} 34. Kd3 {[%emt 0:00:02]} Qb1+ {[%emt 0:00:37]} 35. Ke2 {[%emt 0:01:02]} Ra1 {[%emt 0:00:10]} 36. Kf2 {[%emt 0:00:06]} Qh1 {[%emt 0:01:15]} 37. Qd6 {[%emt 0:02:43]} Rf8 {[%emt 0:00:21]} 38. f5 {[%emt 0:02:14]} 1-0

[Event "36th Zalakaros Festival 2017"]
[Site "Zalakaros"]
[Date "2017.05.24"]
[Round "7"]
[White "Krstulovic, Alex"]
[Black "Sadhwani, Raunak"]
[Result "0-1"]
[WhiteElo "2280"]
[BlackElo "2298"]
[Annotator "NA"]
[PlyCount "98"]
[EventDate "2017.??.??"]
[EventType "swiss"]
[EventCountry "HUN"]
[SourceTitle "playchess.com"]
[Source "ChessBase"]
[SourceQuality "1"]
[TimeControl "40/5400+30:1800+30"]

1. d4 {[%emt 0:00:03]} Nf6 {[%emt 0:00:34]} 2. c4 {[%emt 0:00:07]} g6 {[%emt 0:00:04]} 3. Nc3 {[%emt 0:00:34]} Bg7 {[%emt 0:00:02]} 4. e4 {[%emt 0:01:37]} d6 {[%emt 0:00:05]} 5. Nge2 {[%emt 0:01:12]} O-O {[%emt 0:00:14]} 6. Ng3 {[%emt 0:00:06]} Nbd7 {[%emt 0:00:03]} 7. Be2 {[%emt 0:00:21]} h5 {[%emt 0:00:02]} 8. Be3 {[%emt 0:02:46]} c5 {[%emt 0:04:24]} 9. d5 {[%emt 0:01:29]} a6 {[%emt 0:14:30]} 10. a4 {[%emt 0:09:32]} Qb6 {[%emt 0:02:53]} 11. a5 Qc7 {[%emt 0:00:25]} 12. Nf1 {[%emt 0:09:12]} b6 {[%emt 0:01:42]} 13. axb6 {[%emt 0:00:58]} Qxb6 {[%emt 0:00:10]} 14. Ra2 {[%emt 0:01:11]} Ng4 $14 {[%emt 0:06:28]} 15. Bxg4 {[%emt 0:03:06]} hxg4 {[%emt 0:00:10]} 16. Nd2 {[%emt 0:02:23]} Ne5 {[%emt 0:01:23]} 17. Qc2 {[%emt 0:22:56]} f5 {[%emt 0:13:59]} 18. Ne2 {[%emt 0:09:33]} fxe4 {[%emt 0:00:36]} 19. O-O {[%emt 0:00:37]} Nd3 {[%emt 0:06:07]} 20. Nxe4 {[%emt 0:05:39]} Nb4 {[%emt 0:00:07]} 21. Qb3 {[%emt 0:00:02]} Nxd5 {[%emt 0:00:44]} 22. Qxb6 {[%emt 0:00:05]} Nxb6 {[%emt 0:00:07]} 23. b3 {[%emt 0:07:10]} Bf5 {[%emt 0:04:01]} 24. N4c3 {[%emt 0:00:44]} Rfb8 {[%emt 0:01:12]} 25. Bd2 {[%emt 0:03:55]} Nd7 {[%emt 0:03:29]} 26. Nc1 {[%emt 0:00:17]} Ne5 {[%emt 0:01:01]} 27. Nd5 {[%emt 0:01:53]} Rb7 {[%emt 0:02:03]} 28. Re1 {[%emt 0:02:27]} Nc6 {[%emt 0:01:12]} 29. Nc3 {[%emt 0:05:31]} Nd4 {[%emt 0:01:43]} 30. Nb5 {[%emt 0:00:03]} Nxb5 {[%emt 0:03:56]} 31. cxb5 {[%emt 0:00:07]} Kf7 {[%emt 0:00:42]} 32. bxa6 {[%emt 0:01:09]} Rba7 {[%emt 0:00:15]} 33. b4 {[%emt 0:02:32]} cxb4 {[%emt 0:00:16]} 34. Bxb4 {[%emt 0:00:05]} Rxa6 {[%emt 0:00:04]} 35. Rae2 {[%emt 0:01:50]} Bf6 {[%emt 0:00:09]} 36. Bd2 {[%emt 0:02:07]} Rb8 {[%emt 0:00:45]} 37. f4 {[%emt 0:02:02]} gxf3 {[%emt 0:00:09]} 38. gxf3 {[%emt 0:00:01]} Bh4 {[%emt 0:00:48]} 39. Rf1 {[%emt 0:01:06]} Rb2 {[%emt 0:00:32]} 40. Be1 {[%emt 0:00:00]} Bf6 {[%emt 0:00:22]} 41. Rxb2 {[%emt 0:10:07]} Bxb2 {[%emt 0:00:03]} 42. Bg3 {[%emt 0:00:24]} e5 {[%emt 0:03:36]} 43. Ne2 {[%emt 0:13:20]} Rc6 {[%emt 0:00:14]} 44. f4 {[%emt 0:00:54]} Rc2 {[%emt 0:00:36]} 45. Re1 {[%emt 0:01:51]} Bd3 {[%emt 0:00:36]} 46. fxe5 {[%emt 0:03:19]} Rxe2 {[%emt 0:00:13]} 47. Rxe2 {[%emt 0:04:07]} Bxe2 {[%emt 0:00:03]} 48. exd6 {[%emt 0:00:07]} Ke6 {[%emt 0:00:03]} 49. Kf2 {[%emt 0:00:08]} Bh5 {[%emt 0:00:05]} 0-1

[Event "36th Zalakaros Festival 2017"]
[Site "Zalakaros"]
[Date "2017.05.24"]
[Round "7"]
[White "Banzea, Alexandru-Bogdan"]
[Black "Kosakowski, Jakub"]
[Result "0-1"]
[WhiteElo "2278"]
[BlackElo "2369"]
[Annotator "TA"]
[PlyCount "160"]
[EventDate "2017.??.??"]
[EventType "swiss"]
[EventCountry "HUN"]
[SourceTitle "playchess.com"]
[Source "ChessBase"]
[SourceQuality "1"]

{[%evp 21,160,31,46,43,32,39,48,50,56,58,78,47,67,35,35,35,35,35,35,35,37,41,27,26,35,25,33,40,56,16,14,14,21,10,17,17,9,3,15,9,67,77,107,35,35,37,30,0,420,405,2935,399,419,422,422,415,422,422,419,410,400,235,236,295,268,232,232,232,232,232,232,232,232,224,217,217,217,143,143,143,143,143,143,143,143,143,143,143,143,143,143,143,143,143,143,143,143,143,143,143,143,143,143,143,143,143,143,143,143,143,143,143,143,143,143,143,143,0,0,0,0,0,0,-29974,-29975,-29974,-29975,-29974,-29973,-29978,-29978,-29978,-29971,-29969,-29970,-29981,-29982,-29982,-29983,-29984,-29985]} 1. e4 c5 2. Nf3 d6 3. d4 cxd4 4. Nxd4 Nf6 5. Nc3 a6 6. h3 e5 7. Nde2 h5 8. g3 Be7 9. Bg2 Nbd7 10. a4 O-O 11. O-O b6 {LiveBook: 3 Games} 12. Nd5 {B91: Sicilian Najdorf: 6 g3} Nxd5 13. Qxd5 {[#]} Ra7 $146 ({Predecessor:} 13... Rb8 14. Nc3 Bb7 15. Qd1 h4 16. Nd5 Bg5 17. f4 Bh6 18. Ne3 hxg3 19. Nf5 Bxf4 20. Bxf4 exf4 21. Qxd6 {½-½ (32) Goganov,A (2603)-Leko,P (2707) Baku 2015}) 14. Nc3 {White is slightly better.} Rc7 15. Qd1 Nf6 16. Bg5 Be6 17. Bxf6 Bxf6 18. Qxh5 b5 19. axb5 axb5 20. Qd1 b4 21. Nd5 Bxd5 22. exd5 Qc8 23. Ra4 Rxc2 24. Rxb4 Qc5 25. Rb5 Qxb5 26. Qxc2 Rb8 27. Rb1 Qb4 28. b3 Bd8 29. h4 Bb6 30. Be4 Bc5 (30... g6 $11) 31. h5 $14 Qd4 32. Rd1 (32. Kg2 $1 $16) 32... Qb4 33. Qe2 {Hoping for Qg4.} Qxb3 34. Qg4 {aiming for h6.} f5 $2 {[%mdl 8192]} (34... Qa2 $1 $11 {and Black has nothing to worry.}) 35. Bxf5 $18 {Threatens to win with h6.} Rb4 {[#]} (35... e4 $142 36. h6 Qc3 37. Bxe4 Qf6 38. Qe6+ Kh8 39. Qxf6 gxf6) 36. Be6+ $2 (36. Qg5 $3 {[%mdl 512] White threatens Qd8+ and mate.} Rb8 37. h6 $1 {[%mdl 512]}) 36... Kh8 {[#]} 37. Qg6 $1 {[%cal Rg6e8][%mdl 512]} Qxd1+ 38. Kg2 $1 {Qe8+ would kill now.} Qb1 39. Bf5 Qxf5 40. Qxf5 {[%mdl 4096] Endgame KQ-KRB} Rb2 41. Qg6 (41. Kh3 $142) 41... Rxf2+ 42. Kh3 Rf6 43. Qe8+ Kh7 44. Qb5 Kh6 45. Qe2 Kg5 46. Qg4+ Kh6 47. Kh4 Be3 48. Qc8 $1 {[%cal Rc8h8]} Kh7 49. Qc2+ Kh6 50. Qc3 Bg5+ 51. Kg4 {Black must now prevent Qc8.} g6 52. hxg6 Rxg6 {( -> ...Bd2+)} 53. Kf5 Be7 54. Qc8 {[%cal Rc8h8]} Rf6+ 55. Ke4 Bf8 56. Kd3 Kg7 57. Kc4 Rg6 58. g4 Be7 59. Kb5 Bg5 60. Qd7+ Kh6 61. Kc6 Rf6 62. Qe8 Kg7 63. Qh5 Rg6 64. Qh1 Rf6 65. Kd7 Rg6 66. Qe4 Rf6 67. Qa4 Kg6 68. Qc2+ Kg7 69. Qc8 ({White should play} 69. Qb1 $16) 69... e4 $1 $11 70. Qe8 e3 71. Qe4 Rf4 72. Qe6 $2 {[%mdl 8192] [#]} (72. Qd3 $11) 72... Rf7+ $1 {Black mates.} 73. Kc6 Re7 74. Qf5 {[#]} Re5 $1 75. Qf1 e2 76. Qe1 {[#]} Bd2 $1 {[%mdl 512]} 77. Qxd2 e1=Q 78. Qxe1 Rxe1 79. Kxd6 Kf6 80. g5+ Kxg5 {Precision: White = 65%, Black = 68%.} 0-1

[Event "36th Zalakaros Festival 2017"]
[Site "Zalakaros"]
[Date "2017.05.24"]
[Round "7"]
[White "Szalanczy, Emil"]
[Black "Chovan, Milan"]
[Result "0-1"]
[WhiteElo "2230"]
[BlackElo "2288"]
[Annotator "NA"]
[PlyCount "88"]
[EventDate "2017.??.??"]
[EventType "swiss"]
[EventCountry "HUN"]
[SourceTitle "playchess.com"]
[Source "ChessBase"]
[SourceQuality "1"]
[TimeControl "40/5400+30:1800+30"]

1. c4 {[%emt 0:01:18]} c5 {[%emt 0:00:39]} 2. g3 {[%emt 0:01:01]} Nf6 {[%emt 0:00:11]} 3. Bg2 {[%emt 0:00:11]} d5 {[%emt 0:00:09]} 4. Nf3 {[%emt 0:01:10]} Nc6 {[%emt 0:05:14]} 5. O-O {[%emt 0:01:05]} e5 {[%emt 0:09:17]} 6. d3 {[%emt 0:01:18] LiveBook: 64 Games} Be7 {[%emt 0:01:59]} 7. Nc3 {[%emt 0:01:53]} d4 {[%emt 0:00:16]} 8. Na4 {[%emt 0:00:09]} h6 {[%emt 0:01:15]} 9. e4 {[%emt 0:01:21]} Be6 {[%emt 0:01:53]} 10. Kh1 {[%emt 0:00:47]} Nd7 {[%emt 0:00:29]} 11. Ng1 {[%emt 0:00:45]} f6 {[%emt 0:07:47]} 12. Bh3 {[%emt 0:04:40]} Bf7 {[%emt 0:00:02]} 13. f4 {[%emt 0:02:43]} Qc7 {[%emt 0:04:39]} 14. Bd2 {[%emt 0:04:51]} Bd6 {[%emt 0:04:23]} 15. f5 {[%emt 0:08:14]} b5 $11 {[%emt 0:11:06]} 16. cxb5 {[%emt 0:01:55]} Nb4 {[%emt 0:02:06]} 17. Bxb4 {[%emt 0:01:06]} cxb4 {[%emt 0:00:02]} 18. Rc1 {[%emt 0:00:17]} Qa5 {[%emt 0:02:07]} 19. b3 {[%emt 0:03:08]} Qxb5 {[%emt 0:02:24]} 20. Nf3 {[%emt 0:00:50]} O-O {[%emt 0:03:02]} 21. Nb2 {[%emt 0:09:46]} Rfc8 {[%emt 0:00:38]} 22. Nc4 {[%emt 0:01:45]} Bf8 {[%emt 0:00:50]} 23. Nh4 {[%emt 0:04:10]} a5 {[%emt 0:01:14]} 24. Ng6 {[%emt 0:03:23]} Rc6 {[%emt 0:00:55]} 25. Bg4 {[%emt 0:02:03]} Rca6 {[%emt 0:00:41]} 26. Nb2 {[%emt 0:02:34]} Nc5 {[%emt 0:01:08]} 27. Bh5 {[%emt 0:01:46]} Bd6 {[%emt 0:04:08]} 28. Rf2 {[%emt 0:04:58]} a4 {[%emt 0:01:17]} 29. Rxc5 {[%emt 0:00:26]} Bxc5 {[%emt 0:00:11]} 30. Nxa4 {[%emt 0:00:02]} Bd6 {[%emt 0:01:13]} 31. Rc2 {[%emt 0:00:38]} Rc6 {[%emt 0:00:20]} 32. Rxc6 {[%emt 0:09:31]} Qxc6 {[%emt 0:00:02]} 33. Kg2 {[%emt 0:01:44]} Rc8 {[%emt 0:00:20]} 34. Kh3 {[%emt 0:00:31]} Qc2 {[%emt 0:03:01]} 35. Qf3 {[%emt 0:00:47]} Qxa2 {[%emt 0:05:00]} 36. Nb6 {[%emt 0:00:15]} Rc2 {[%emt 0:02:15]} 37. Qh1 {[%emt 0:06:31]} Qxb3 {[%emt 0:03:06]} 38. Nd5 {[%emt 0:03:32]} Qa2 {[%emt 0:01:51]} 39. Nge7+ {[%emt 0:04:36]} Bxe7 {[%emt 0:00:07]} 40. Nxe7+ {[%emt 0:00:00]} Kf8 {[%emt 0:00:39]} 41. Ng6+ {[%emt 0:03:05]} Ke8 {[%emt 0:00:01]} 42. Bd1 {[%emt 0:05:29]} Rd2 {[%emt 0:00:08]} 43. Bf3 {[%emt 0:06:20]} b3 {[%emt 0:00:24]} 44. Bd1 {[%emt 0:06:01]} Qb1 {[%emt 0:00:52]} 0-1

[Event "36th Zalakaros Festival 2017"]
[Site "Zalakaros"]
[Date "2017.05.24"]
[Round "7"]
[White "Szukics, Adam"]
[Black "Injac, Teodora"]
[Result "1/2-1/2"]
[WhiteElo "2229"]
[BlackElo "2296"]
[Annotator "TA"]
[PlyCount "110"]
[EventDate "2017.??.??"]
[EventType "swiss"]
[EventCountry "HUN"]
[SourceTitle "playchess.com"]
[Source "ChessBase"]
[SourceQuality "1"]

{[%evp 13,110,6,14,6,12,-10,0,0,0,-10,-6,-5,-6,-10,28,-38,-38,-119,-112,-39,-56,-59,-35,-33,-15,-18,-20,-36,6,-111,-73,-62,-55,-69,11,11,56,63,62,52,57,50,52,68,110,107,110,110,110,110,110,113,114,114,119,113,117,114,131,105,98,96,114,114,116,40,96,-28,-21,-42,-35,-27,0,0,0,-23,66,59,84,84,69,81,84,84,84,0,0,0,0,0,0,0,0,0,0,0,0,0,0]} 1. e4 e6 2. d4 d5 3. Nd2 Be7 4. e5 c5 5. c3 Nc6 6. Ngf3 cxd4 {C03: French Tarrasch: Unusual Black 3rd moves} 7. cxd4 Nh6 {LiveBook: 3 Games} 8. Bd3 Nf5 9. Nb3 Bd7 (9... a5 10. Bxf5 exf5 11. O-O Be6 12. Be3 b6 13. Nc1 O-O 14. Nd3 {1-0 (81) Srbis,J (2422)-Rydl,J (2419) Prague 2016}) 10. g4 $146 ({Predecessor:} 10. Be3 b6 11. a3 O-O 12. O-O a5 13. Nc1 a4 14. Bc2 {0-1 (33) Sanchez Carvajal,N-Pascual Palomo,L (2158) Galapagar 2008}) 10... Nh4 11. Nxh4 {Hoping for Nf3.} Bb4+ 12. Kf1 {And now Nf3 would win.} Qxh4 13. Kg2 f6 14. f4 (14. a3 $11 Be7 15. Bf4) 14... fxe5 $15 15. fxe5 (15. dxe5 $15 O-O 16. Rf1) 15... O-O $36 {[%mdl 2048] White must now prevent ...Qf2+. Black is in control.} 16. Be3 (16. Rf1 $17) 16... Be7 $15 17. Be2 Be8 {Threatens to win with ...Bg6.} (17... Nb4 $5 {[%cal Rd7e8]} 18. a3 Nc6 $14) 18. Qe1 Bg6 {aiming for ...Be4+.} 19. Qxh4 Bxh4 20. Rhf1 h6 21. Bf3 (21. Rxf8+ $11 {remains equal.} Rxf8 22. Nc5) 21... b6 22. a3 a5 23. Rac1 Rac8 (23... Bd3 $1 $15 24. Rfd1 Bb5) 24. Be2 $11 a4 25. Rxf8+ Kxf8 26. Nd2 Na7 27. Rxc8+ Nxc8 28. Nf3 Be4 29. Bb5 $1 Na7 30. Bxa4 b5 31. Bd1 Nc6 32. Kf1 $1 Bd8 {[#]} 33. Nd2 $1 Bg6 34. Nb3 Bb6 35. Ke2 Bb1 36. Kd2 Ba2 37. Nc1 Bc4 38. b3 Bf1 39. Kc3 (39. Be2 $16 Bxe2 40. Nxe2) 39... Nxe5 {[#]} (39... b4+ $14 40. axb4 Nxe5) 40. Bf4 ({White should play} 40. Be2 $1 $16 {[%cal Re2f1]} Bxe2 41. dxe5 Bxe3 42. Nxe2) 40... Nc6 41. Be5 Nxe5 42. dxe5 $15 {[%mdl 4096] Endgame KBB-KBN} d4+ 43. Kd2 Bc7 44. Be2 Bh3 (44... Bg2 $11) 45. Nd3 $14 {Nf4 is the strong threat.} g5 46. Bf3 Bf1 47. Nc5 $1 {[%cal Rc5e6]} Ke7 48. Ke1 Bb6 49. b4 (49. Kxf1 $16 Bxc5 50. b4) 49... Bc4 $11 {The position is equal.} 50. Kd2 Bc7 51. Nd3 Kd7 52. Nc5+ Ke7 53. Nd3 Kd7 54. Nc5+ Kc8 (54... Kd8 $5 {[%cal Rc7e5]}) 55. Nd3 Kd7 {Precision: White = 61%, Black = 46%.} 1/2-1/2

[Event "36th Zalakaros Festival 2017"]
[Site "Zalakaros"]
[Date "2017.05.24"]
[Round "7"]
[White "Hardicsay, Peter"]
[Black "Risting, Eivind Olav"]
[Result "1/2-1/2"]
[WhiteElo "2218"]
[BlackElo "2297"]
[Annotator "NA"]
[PlyCount "47"]
[EventDate "2017.??.??"]
[EventType "swiss"]
[EventCountry "HUN"]
[SourceTitle "playchess.com"]
[Source "ChessBase"]
[SourceQuality "1"]
[TimeControl "40/5400+30:1800+30"]

1. Nf3 {[%emt 0:00:08]} Nf6 {[%emt 0:00:42]} 2. c4 {[%emt 0:00:33]} e6 {[%emt 0:00:24]} 3. g3 {[%emt 0:00:18]} d5 {[%emt 0:00:24]} 4. Bg2 {[%emt 0:00:07]} Be7 {[%emt 0:00:11]} 5. O-O {[%emt 0:00:28]} O-O {[%emt 0:00:30]} 6. d4 {[%emt 0:00:32]} dxc4 {[%emt 0:01:18]} 7. Qa4 {[%emt 0:02:06]} a6 {[%emt 0:01:55]} 8. Qxc4 {[%emt 0:02:19]} b5 {[%emt 0:00:10]} 9. Qc2 {[%emt 0:00:09]} Bb7 {[%emt 0:02:41]} 10. Bf4 {[%emt 0:05:29]} Nc6 {[%emt 0:00:00]} 11. Rd1 {[%emt 0:00:57]} Rc8 {[%emt 0:00:00] LiveBook: 5 Games} 12. a3 {[%emt 0:02:53]} Na5 {[%emt 0:09:05]} 13. Nc3 {[%emt 0:02:31]} Bd6 {[%emt 0:09:24]} 14. Ne5 $11 {[%emt 0:12:37]} Bxg2 {[%emt 0:03:44]} 15. Kxg2 {[%emt 0:00:14]} Nd5 {[%emt 0:10:08]} 16. Nxd5 {[%emt 0:22:44]} exd5 {[%emt 0:00:06]} 17. b3 {[%emt 0:10:31]} Qe8 {[%emt 0:12:38]} 18. Qb2 {[%emt 0:17:48]} Nb7 {[%emt 0:09:04]} 19. Rac1 {[%emt 0:03:01]} Bxe5 {[%emt 0:01:59]} 20. dxe5 {[%emt 0:03:32]} Qe6 {[%emt 0:06:25]} 21. Qd4 {[%emt 0:01:35]} c6 {[%emt 0:13:19]} 22. b4 {[%emt 0:01:23]} Nd8 23. e4 dxe4 24. Qxe4 1/2-1/2

[Event "36th Zalakaros Festival 2017"]
[Site "Zalakaros"]
[Date "2017.05.24"]
[Round "7"]
[White "Jakab, Bela"]
[Black "Blohberger, Felix"]
[Result "0-1"]
[WhiteElo "2216"]
[BlackElo "2319"]
[Annotator "NA"]
[PlyCount "84"]
[EventDate "2017.??.??"]
[EventType "swiss"]
[EventCountry "HUN"]
[SourceTitle "playchess.com"]
[Source "ChessBase"]
[SourceQuality "1"]
[TimeControl "40/5400+30:1800+30"]

1. e4 {[%emt 0:00:04]} e6 {[%emt 0:00:48]} 2. d4 {[%emt 0:00:06]} d5 {[%emt 0:00:05]} 3. Nc3 {[%emt 0:00:04]} Nf6 {[%emt 0:00:06]} 4. e5 {[%emt 0:00:05]} Nfd7 {[%emt 0:00:04]} 5. f4 {[%emt 0:00:06]} c5 {[%emt 0:00:05]} 6. Nf3 {[%emt 0:00:05]} Nc6 {[%emt 0:00:02]} 7. Be3 {[%emt 0:00:09]} a6 {[%emt 0:00:07]} 8. Qd2 {[%emt 0:00:53] LiveBook: 1922 Games} b5 {[%emt 0:00:11]} 9. a3 {[%emt 0:00:20]} Qa5 {[%emt 0:00:07]} 10. dxc5 {[%emt 0:10:19]} Bxc5 {[%emt 0:00:29]} 11. Bxc5 {[%emt 0:01:20]} Nxc5 {[%emt 0:00:04]} 12. Bd3 {[%emt 0:00:51]} O-O {[%emt 0:13:26]} 13. O-O {[%emt 0:03:41]} Qb6 {[%emt 0:02:47]} 14. Kh1 {[%emt 0:02:34]} b4 {[%emt 0:20:41]} 15. Ne2 $15 {[%emt 0:13:41]} a5 {[%emt 0:04:26]} 16. Qe3 {[%emt 0:09:54]} Ba6 {[%emt 0:16:38]} 17. Bxh7+ {[%emt 0:06:37]} Kxh7 {[%emt 0:00:07]} 18. Ng5+ {[%emt 0:00:04]} Kg8 {[%emt 0:00:17]} 19. Qh3 {[%emt 0:00:06]} Rfe8 {[%emt 0:06:25]} 20. f5 {[%emt 0:01:09]} Nxe5 {[%emt 0:04:43]} 21. f6 {[%emt 0:04:01]} gxf6 {[%emt 0:00:54]} 22. Rxf6 {[%emt 0:00:06]} Kf8 {[%emt 0:01:59]} 23. Nf4 {[%emt 0:13:14]} Rad8 {[%emt 0:04:39]} 24. Ng6+ {[%emt 0:22:52]} Kg7 {[%emt 0:00:06]} 25. Rf2 {[%emt 0:00:06]} f5 {[%emt 0:14:45]} 26. Nxe5 {[%emt 0:00:38]} Rh8 {[%emt 0:01:29]} 27. Qg3 {[%emt 0:01:01]} Kf6 {[%emt 0:00:31]} 28. Nef7 {[%emt 0:01:03]} Qb8 {[%emt 0:01:04]} 29. Qxb8 {[%emt 0:02:04]} Rxb8 {[%emt 0:00:06]} 30. Nxh8 {[%emt 0:00:04]} Kxg5 {[%emt 0:01:15]} 31. axb4 {[%emt 0:00:26]} Ne4 {[%emt 0:03:00]} 32. Rf3 {[%emt 0:00:37]} Rxh8 {[%emt 0:00:24]} 33. Rxa5 {[%emt 0:00:09]} Be2 {[%emt 0:00:24]} 34. Rfa3 {[%emt 0:00:56]} Kf4 {[%emt 0:01:26]} 35. Ra8 {[%emt 0:01:00]} Rh7 {[%emt 0:00:45]} 36. R3a7 {[%emt 0:00:39]} Rh6 {[%emt 0:00:36]} 37. Rb8 {[%emt 0:02:00]} Ke3 {[%emt 0:00:53]} 38. b5 {[%emt 0:00:31]} Kf2 {[%emt 0:00:57]} 39. Rg7 {[%emt 0:00:54]} f4 {[%emt 0:00:52]} 40. h3 {[%emt 0:00:00]} Ng3+ {[%emt 0:01:16]} 41. Kh2 {[%emt 0:01:02]} Nf1+ {[%emt 0:00:11]} 42. Kh1 {[%emt 0:00:06]} Rxh3+ {[%emt 0:00:08]} 0-1